000 00280nam a2200109 4500
008 160625b xxu||||| |||| 00| 0 eng d
100 _91160
_a Hamlin, P
245 _aBest Loved Poems
260 _aChicago
_b People Book Club
_cMCMXLIX
300 _aBest Loved Poems
942 _2ddc
_cBK
999 _c942
_d942